Do jakiego państwa? #1 - Statystyki

Ogólne statystyki
  • Ten quiz został rozwiązany 1 789 razy
  • Średni wynik to 16 z 25
Statystyki odpowiedzi
Region/Wyspa/Miasto Państwo % Poprawnych
Lwów Ukraina
99%
Kreta Grecja
95%
Kraków Polska
94%
Podkarpacie Polska
92%
Sardynia Włochy
91%
Bawaria Niemcy
89%
Minnesota Stany Zjednoczone
88%
Wyspy Owcze Dania
84%
Tybet Chiny
81%
Kalifornia Dolna Meksyk
80%
Gibraltar Wielka Brytania
79%
Vaduz Liechtenstein
78%
Portoryko Stany Zjednoczone
77%
Korsyka Francja
74%
Kiusiu Japonia
71%
Rabat Maroko
67%
Svalbard Norwegia
65%
Addis Abeba Etiopia
57%
Nur-Sułtan Kazachstan
55%
Gwadelupa Francja
39%
Wyspa Książęca Wyspy Świętego Tomasza i Książęca
33%
Jork Australia
24%
Wyspy Wrangla Rosja
16%
Salta Argentyna
11%
Cat Island Bahamy
6%
Nie znaleziono quizów pasujących do podanych kryteriów
Rozkład punktacji
Procent ludzi z każdym wynikiem
Percentyl według liczby udzielonych odpowiedzi
Twoja historia wyników
Nie rozwiązałeś tego quizu